000 00355 a2200157 4500
001 47855
020 _a9788591456604
040 _cAnchieta - Aquarius
100 _aHeine, Palmira
240 1 0 _aO pontinho desapontado
_lpor
245 1 0 _aO pontinho desapontado
300 _a20
362 0 _a2012
650 4 _aLiteratura infanto-juvenil
942 _cBK
999 _c47855
_d47855